000 00802nam a22002177a 4500
003 UA-OsUOA
001 83644
007 ta
008 20120424b un ||||| |||| 00| 0 ukr d
100 _aРябенков О.В.
090 _a330(477)
_bР98
942 _cSA
040 _aUA-OsUOA
_bukr
_cUA-OsUOA
_dUA-OsUOA
245 _aОсобливості організації системи фінансового контролінгу на промисловому підприємстві в умовах підвищення ризиковості його діяльності
300 _aС.38-43
955 _a0
041 _aukr
080 _a330(477)
773 0 _w83640
_tЕкономіка. Фінанси. Право.
_dК.
_d2011
_g12
650 7 _a330 Економіка взагалі
_2UDC
999 _c369956
_d369956